000 00374nam a2200133Ia 4500
005 20260328101521.0
008 260328s9999||||xx |||||||||||||| ||und||
100 _aSiegal, Jennifer
245 0 _aMore mobile :
_b Portable Architecture for today /
_cJennifer Siegal
260 _bPrinceton Architectural Press
300 _a143 p.
650 _aARQUITECTURA CIVIL
942 _cBK
999 _c9614
_d9614